South Eastern Kenya University

Library Online Public Access Catalogue


The map and the territory : (Record no. 10935)

MARC details
000 -LEADER
fixed length control field 00595cam a2200157 i 4500
020 ## - INTERNATIONAL STANDARD BOOK NUMBER
International Standard Book Number 9781594204814 (hardcover)
050 00 - LIBRARY OF CONGRESS CALL NUMBER
Classification number HC106
Item number .G74 2013
100 1# - MAIN ENTRY--PERSONAL NAME
Personal name Greenspan, Alan,
Dates associated with a name 1926-
245 14 - TITLE STATEMENT
Title The map and the territory :
Remainder of title risk, human nature, and the future of forecasting /
Statement of responsibility, etc. Alan Greenspan.
250 ## - EDITION STATEMENT
Edition statement 1st ed.
260 ## - PUBLICATION, DISTRIBUTION, ETC. (IMPRINT)
Place of publication, distribution, etc. New York [USA] :
Name of publisher, distributor, etc. The Penguin Press,
Date of publication, distribution, etc. c2013.
300 ## - PHYSICAL DESCRIPTION
Extent 388 pages :
500 ## - GENERAL NOTE
General note Includes index.
650 ## - SUBJECT ADDED ENTRY--TOPICAL TERM
General subdivision Economic forecasting ;
-- Economic policy ;
-- Financial crises ;
-- Risk ;
-- Economic forecasting -- Methodology ;
-- United States.
942 ## - ADDED ENTRY ELEMENTS (KOHA)
Source of classification or shelving scheme Library of Congress Classification
Koha item type General circulation
Holdings
Withdrawn status Lost status Source of classification or shelving scheme Damaged status Not for loan Home library Current library Shelving location Date acquired Source of acquisition Cost, normal purchase price Total Checkouts Full call number Barcode Date last seen Cost, replacement price Price effective from Koha item type Public note
    Library of Congress Classification     Main Campus Library Main Campus Library General Stacks 13/02/2016 Donation - Books for Africa 2700.00   HC 106 .G7 2016/014144 13/02/2016 2970.00 13/02/2016 General circulation Nzk
Kitui, Kenya.
+254736116989
library@seku.ac.ke